|
|
|
|
| LEADER |
00000cam a2200000 c 4500 |
| 001 |
1625409346 |
| 003 |
DE-627 |
| 005 |
20251225203154.0 |
| 007 |
tu |
| 008 |
100126s2010 xx ||||| c 00| ||ger c |
| 020 |
|
|
|a 9783910108875
|c UBL
|9 978-3-910108-87-5
|
| 020 |
|
|
|a 9783865834553
|c Univ.-Verl.
|9 978-3-86583-455-3
|
| 035 |
|
|
|a (DE-627)1625409346
|
| 035 |
|
|
|a (DE-576)316458821
|
| 035 |
|
|
|a (DE-599)BSZ316458821
|
| 035 |
|
|
|a (OCoLC)644023641
|
| 035 |
|
|
|a (OCoLC)644023641
|
| 040 |
|
|
|a DE-627
|b ger
|c DE-627
|e rakwb
|
| 041 |
|
|
|a ger
|
| 082 |
0 |
|
|a 909.04924
|
| 084 |
|
|
|a 1
|2 ssgn
|
| 084 |
|
|
|a NZ 15060
|2 rvk
|0 (DE-625)rvk/132612:
|
| 084 |
|
|
|a AN 80491
|2 rvk
|0 (DE-625)rvk/6556:
|
| 084 |
|
|
|a AM 44000
|2 rvk
|0 (DE-625)rvk/4296:
|
| 084 |
|
|
|a 15.48
|2 bkl
|
| 100 |
1 |
|
|0 (DE-588)170888444
|0 (DE-627)061033286
|0 (DE-576)131731165
|4 aut
|a David, Abraham
|d 1952-
|
| 109 |
|
|
|a David, Abraham 1952-
|a David, Abe 1952-
|
| 191 |
|
|
|a 1
|
| 245 |
1 |
0 |
|a Leipziger Judentümer in Stadt und Universität
|b Katalog zur gleichnamigen Ausstellung in der Bibliotheca Albertina, Leipzig, 13. Januar – 25. April 2010
|c Abraham David, Anke Költsch und Stephan Wendehorst. Hrsg. von Ulrich Johannes Schneider
|
| 264 |
|
1 |
|a Leipzig
|b Univ.-Bibl.
|c 2010
|
| 300 |
|
|
|a 77 S.
|b überw. Ill.
|
| 336 |
|
|
|a Text
|b txt
|2 rdacontent
|
| 336 |
|
|
|a unbewegtes Bild
|b sti
|2 rdacontent
|
| 337 |
|
|
|a ohne Hilfsmittel zu benutzen
|b n
|2 rdamedia
|
| 338 |
|
|
|a Band
|b nc
|2 rdacarrier
|
| 490 |
1 |
|
|a Schriften aus der Universitätsbibliothek
|v 19
|
| 583 |
1 |
|
|a Archivierung/Langzeitarchivierung gewährleistet
|f PESN
|x XA-DE-SN
|2 pdager
|5 DE-14
|
| 583 |
1 |
|
|a Archivierung/Langzeitarchivierung gewährleistet
|f SSG
|x XA-DE-BW
|2 pdager
|5 DE-21
|
| 601 |
|
|
|a Leipzig
|
| 601 |
|
|
|a Judentum
|
| 601 |
|
|
|a Universität
|
| 601 |
|
|
|a Katalog
|
| 601 |
|
|
|a Ausstellung
|
| 601 |
|
|
|a Albertina
|
| 610 |
2 |
7 |
|0 (DE-588)30026-3
|0 (DE-627)10070834X
|0 (DE-576)190304499
|a Universitätsbibliothek Leipzig
|2 gnd
|
| 650 |
0 |
7 |
|0 (DE-588)4114087-4
|0 (DE-627)104603151
|0 (DE-576)20948182X
|a Judentum
|2 gnd
|
| 650 |
0 |
7 |
|0 (DE-588)4461960-1
|0 (DE-627)230760589
|0 (DE-576)212680366
|a Jüdische Erziehung
|2 gnd
|
| 650 |
0 |
7 |
|0 (DE-588)4066562-8
|0 (DE-627)104393998
|0 (DE-576)209165138
|a Wissenschaft
|2 gnd
|
| 650 |
0 |
7 |
|0 (DE-588)4061778-6
|0 (DE-627)106134558
|0 (DE-576)20914114X
|a Universität
|2 gnd
|
| 650 |
0 |
7 |
|0 (DE-588)4013134-8
|0 (DE-627)104665548
|0 (DE-576)208901906
|a Druckwerk
|2 gnd
|
| 651 |
|
7 |
|0 (DE-588)4035206-7
|0 (DE-627)104798998
|0 (DE-576)209011246
|a Leipzig
|2 gnd
|
| 655 |
|
7 |
|a Ausstellungskatalog
|0 (DE-588)4135467-9
|0 (DE-627)10566491X
|0 (DE-576)209660988
|2 gnd-content
|
| 689 |
0 |
0 |
|d b
|0 (DE-588)30026-3
|0 (DE-627)10070834X
|0 (DE-576)190304499
|2 gnd
|a Universitätsbibliothek Leipzig
|
| 689 |
0 |
1 |
|d b
|0 (DE-588)2008945-4
|0 (DE-627)101637683
|0 (DE-576)19163915X
|2 gnd
|a Deutsches Buch- und Schriftmuseum
|
| 689 |
0 |
2 |
|d s
|0 (DE-588)4028808-0
|0 (DE-627)10430670X
|0 (DE-576)208979565
|2 gnd
|a Juden
|
| 689 |
0 |
|
|5 (DE-627)
|
| 700 |
1 |
|
|0 (DE-588)141493062
|0 (DE-627)629430608
|0 (DE-576)180028405
|4 oth
|a Daṿid, Avraham
|d 1943-
|
| 700 |
1 |
|
|0 (DE-588)141493496
|0 (DE-627)703992449
|0 (DE-576)265568285
|4 oth
|a Költsch, Anke
|d 1971-
|
| 700 |
1 |
|
|0 (DE-588)141493666
|0 (DE-627)629430969
|0 (DE-576)186045476
|4 oth
|a Wendehorst, Stephan
|d 1967-
|
| 700 |
1 |
|
|e Hrsg.
|0 (DE-588)122319834
|0 (DE-627)081874340
|0 (DE-576)175880050
|4 edt
|a Schneider, Ulrich Johannes
|d 1956-
|
| 710 |
2 |
|
|0 (DE-588)30026-3
|0 (DE-627)10070834X
|0 (DE-576)190304499
|4 oth
|a Universitätsbibliothek Leipzig
|
| 787 |
0 |
8 |
|i Rezension
|a Ulbricht, Gunda, 1966 -
|t Abraham David, Anke Költsch und Stephan Wendehorst, Leipziger Judentümer in Stadt und Universität; [Katalog zur gleichnamigen Ausstellung in der Bibliotheca Albertina, Leipzig, 13. Januar – 25. April 2010]
|d 2010
|w (DE-627)1404599150
|w (DE-576)334599156
|
| 787 |
0 |
8 |
|i Rezension
|a Richarz, Monika, 1937 -
|t Abraham David, Anke Költsch, Stephan Wendenhorst, Leipziger Judentümer in Stadt und Universität
|d 2014
|w (DE-627)1483936821
|w (DE-576)413936821
|
| 810 |
2 |
|
|a Universitätsbibliothek Leipzig
|t Schriften aus der Universitätsbibliothek Leipzig
|v 19
|9 19
|w (DE-627)236455419
|w (DE-576)044359861
|w (DE-600)1401884-6
|7 am
|
| 856 |
4 |
2 |
|u https://swbplus.bsz-bw.de/bsz316458821inh.htm
|m B:DE-576;uvl
|q application/pdf
|v 20100203205745
|x Verlag
|3 Inhaltsverzeichnis
|7 1
|
| 856 |
4 |
2 |
|u https://swbplus.bsz-bw.de/bsz316458821cov.jpg
|m B:DE-576/uvl
|q application/pdf
|v 20180810000000
|x Verlag
|3 Cover
|7 1
|
| 856 |
4 |
2 |
|u http://deposit.dnb.de/cgi-bin/dokserv?id=3417039&prov=M&dok_var=1&dok_ext=htm
|q text/html
|x Verlag
|3 Inhaltstext
|7 1
|
| 935 |
|
|
|a SAXB
|a mteo
|
| 936 |
r |
v |
|a NZ 15060
|b Kultur- und Geistesgeschichte
|k Geschichte
|k Regionale Landeskunde
|k Landesgeschichte Sachsen
|k Orts- und Regionalgeschichte
|k Ortsgeschichte
|k Leipzig
|k Kultur- und Geistesgeschichte
|0 (DE-627)127091300X
|0 (DE-625)rvk/132612:
|0 (DE-576)20091300X
|
| 936 |
r |
v |
|a AN 80491
|b Universitätsbibliothek
|k Allgemeines
|k Buch- und Bibliothekswesen, Informationswissenschaft
|k Bibliothekswesen
|k Bibliothekswesen in einzelnen Ländern und einzelne Bibliotheken
|k Einzelne deutsche Bibliotheken
|k Bibliotheken L
|k Leipzig
|k Universitätsbibliothek
|0 (DE-627)1270681680
|0 (DE-625)rvk/6556:
|0 (DE-576)200681680
|
| 936 |
r |
v |
|a AM 44000
|b Ausstellungen, Ausstellungskataloge
|k Allgemeines
|k Schrift und Handschriftenkunde. Schriftarten und Schreiben
|k Handschriftenkunde
|k Geschichte und Forschung
|k Ausstellungen, Ausstellungskataloge
|0 (DE-627)1270665987
|0 (DE-625)rvk/4296:
|0 (DE-576)200665987
|
| 936 |
r |
u |
|a BD 9255
|b Geschichte einzelner Städte und Gemeinden
|k Theologie und Religionswissenschaften
|k Judaistik
|k Religions- und Kulturgeschichte der Juden
|k Jüdische Gemeindegeschichte in Palästina und Diaspora
|k Geschichte einzelner Städte und Gemeinden
|0 (DE-627)1270653237
|0 (DE-576)200653237
|z Ungueltig
|
| 936 |
b |
k |
|a 15.48
|j Sachsen
|j Sachsen-Anhalt
|j Thüringen
|x Geschichte
|q coli-conc RVK->BK
|q https://coli-conc.gbv.de/api/mappings/12049542-37ca-4bba-bde3-d461262ae937
|0 (DE-627)181571048
|
| 951 |
|
|
|a BO
|
| ELC |
|
|
|b 1
|
| ITA |
|
|
|a 1
|t 1
|
| LOK |
|
|
|0 000 xxxxxcx a22 zn 4500
|
| LOK |
|
|
|0 001 3261753471
|
| LOK |
|
|
|0 003 DE-627
|
| LOK |
|
|
|0 004 1625409346
|
| LOK |
|
|
|0 005 20100203130040
|
| LOK |
|
|
|0 008 100126||||||||||||||||ger|||||||
|
| LOK |
|
|
|0 040
|a DE-21
|c DE-627
|d DE-21
|
| LOK |
|
|
|0 852
|a DE-21
|
| LOK |
|
|
|0 852 1
|c 16 E 8531
|9 00
|
| LOK |
|
|
|0 935
|a vord
|
| LOK |
|
|
|0 938
|a 1002
|f 15
|
| LOK |
|
|
|0 939
|a 26-01-10
|b l01
|
| ORI |
|
|
|a SA-MARC-ixtheoa001.raw
|
| REL |
|
|
|a 1
|
| STA |
0 |
0 |
|a Jewish upbringing,Jewish education,Judaism,Jews,Jews,Jew,Jews in literature,Judaism,Judaism,Judaism in literature,Leipzig,Print,Printed work,Imprints,Science,Science,Science in art,University
|
| STB |
0 |
0 |
|a Imprimé,Judaïsme,Judaïsme,Juifs,Juifs,Leipzig,Science,Science,Université,Éducation juive
|
| STC |
0 |
0 |
|a Ciencia,Ciencia,Ciencias,Educación judaica,Judaísmo,Judaísmo,Judíos,Judíos,Judíos,Leipzig,Publicación,Obra impresa,Obra impresa,Universidad
|
| STD |
0 |
0 |
|a Ebraismo,Ebraismo,Ebrei,Ebrei,Educazione ebraica,Lipsia,Scienza <motivo>,Scienza,Sapere,Sapere,Sapere (motivo),Sapere,Stampa,Università
|
| STE |
0 |
0 |
|a 印刷品,大学,犹太人,犹太人,犹太人的教育,犹太教,犹太教,科学,科学,学科,学科
|
| STF |
0 |
0 |
|a 印刷品,大學,猶太人,猶太人,猶太人的教育,猶太教,猶太教,科學,科學,學科,學科
|
| STG |
0 |
0 |
|a Ciência,Ciência,Educação judaica,Judaísmo,Judaísmo,Judeus,Judeus,Leipzig,Publicação,Obra impressa,Obra impressa,Universidade
|
| STH |
0 |
0 |
|a Евреи (мотив),Евреи,Иудаизм (мотив),Иудаизм,Иудейское воспитание,Лейпциг (мотив),Наука (мотив),Наука,Печатное издание,Университет
|
| STI |
0 |
0 |
|a Εβραίοι (μοτίβο),Εβραίοι,Εβραϊκή εκπαίδευση,Εκτύπωση (τυπογραφικό προϊόν),Επιστήμη (μοτίβο),Επιστήμη,Ιουδαϊσμός (μοτίβο),Ιουδαϊσμός,Λειψία (μοτίβο),Πανεπιστήμιο
|
| SUB |
|
|
|a REL
|
| SYB |
0 |
0 |
|a Bibliotheca Albertina,Bibliotheca Paulina,UBL,Universität Leipzig,Bibliotheca Albertina,Bibliotheca Universitatis Lipsiensis,Biblioth. Universitatis Lipsiensis,Universitäts-Bibliothek Leipzig,Universitätsbibl. Leipzig,Universität Leipzig,Universitäts-Bibliothek,Albertina,Universitäts-Bibliothek "Bibliotheca Albertina",Bibliotheca Albertina Leipzig,Karl-Marx-Universität Leipzig,Universitätsbibliothek
|
| SYE |
0 |
0 |
|a Judaism,Judaismus,Jüdische Religion,Zionism,Zionismus,Jüdische Religion,Judaismus,Jüdische Religion,Judaismus , Judentum,Juden , Wissenschaften,Science,Bürgerliche Wissenschaft,Wissenschaften , Universidad de Alcalá de Henares,Universitad,Colegio de San Ildefonso,Jesuitenuniversität,Kaiserliche Universität , Universitäten,Universitäten , Druck,Druckschrift,Publikation,Schrift,Druckerzeugnis,Druckwerke,Drucke
|
| SYF |
0 |
0 |
|a Urbs Lipzi,Lipzi,Lejpcig,Reichsmessestadt Leipzig,Lipsk,Lipcse,Messestadt Leipzig,Groß-Leipzig,Lipsia,Stadt Leipzig,Leipsic,Leipzic,Leyptzick,Lejpzjg,Leipsig,Leipsia,Gross-Leipzig,Liptzk,Leiptzk,Leyptzigk,Leipsique,Leipsick,Leypsic,Leipsic
|
| SYG |
0 |
0 |
|a Bibliotheca Albertina,Bibliotheca Paulina,UBL,Universität Leipzig,Bibliotheca Albertina,Bibliotheca Universitatis Lipsiensis,Biblioth. Universitatis Lipsiensis,Universitäts-Bibliothek Leipzig,Universitätsbibl. Leipzig,Universität Leipzig,Universitäts-Bibliothek,Albertina,Universitäts-Bibliothek "Bibliotheca Albertina",Bibliotheca Albertina Leipzig,Karl-Marx-Universität Leipzig,Universitätsbibliothek , Deutsches Buch- und Schriftmuseum des Deutschen Buchgewerbevereins,Buch- und Schriftmuseum,Deutsche Bücherei,Deutsches Buch- und Schriftmuseum,Deutsche Bibliothek,Deutsches Buch- und Schriftmuseum,Buchmuseum,Deutsches Buchmuseum,Deutsches Buch- und Schriftenmuseum,DBSM,Deutsche Nationalbibliothek,Deutsches Buch- und Schriftmuseum,Deutsches Buch- und Schriftmuseum Leipzig,Deutsches Buch- und Schriftmuseum,DBSM,Buch- und Schriftmuseum,Die Deutsche Bibliothek, Deutsches Buch- und Schriftmuseum der Deutschen Bücherei,Deutsches Buch- und Schriftmuseum der Deutschen Bücherei , Jews,Jüdinnen,Jude,Jüdin,Jude
|
| TIM |
|
|
|a 100015430101_100020261231
|b 1543 - 2026
|